00984nab a2200253 uc450000100070000000500170000700800410002403500110006503500210007604000130009704100080011010000400011824501020015865000450026065000510030565000460035665000410040265000400044370000480048370000440053177301260057594200100070199900190071184620620240827090401.0030923s2002 spa  a846206 a(OCoLC)820077381 ccomduadb aspa10aCarrascal, Alvaro4auteaut938757210aEstudio preliminar de la calidad microbiologica de los alimentos en la Costa Atlantica Colombiana 7aMicrobiología de alimentos2lemb91472 aEnfermedades transmitidas por alimentos920487 7aContaminación de alimentos2lemb959357 aIntoxicación por alimentos9175644 aCosta Atlántica (Colombia)92586310aArrieta Bernate, Germán4auteaut954135710aMattar Velilla, Salim4auteaut95280100 tInforme Quincenal Epidemiológico Nacional (Bogotá)gVol. 07, No. 11, Jun. 2002, p. 163-169w325053x0122-99070104620 cARIMP c296071d296071